Gulliver's travels (Record no. 2682)
[ view plain ]
| 000 -LEADER | |
|---|---|
| fixed length control field | 01527cam a2200349 a 4500 |
| 001 - CONTROL NUMBER | |
| control field | 529867 |
| 003 - CONTROL NUMBER IDENTIFIER | |
| control field | GBCCL |
| 005 - DATE AND TIME OF LATEST TRANSACTION | |
| control field | 20241126110436.0 |
| 006 - FIXED-LENGTH DATA ELEMENTS--ADDITIONAL MATERIAL CHARACTERISTICS | |
| fixed length control field | m u |
| 007 - PHYSICAL DESCRIPTION FIXED FIELD--GENERAL INFORMATION | |
| fixed length control field | cr cn||||||||| |
| 008 - FIXED-LENGTH DATA ELEMENTS--GENERAL INFORMATION | |
| fixed length control field | 041015s2005 enkab sb 000 1 eng |
| 010 ## - | |
| -- | 2004024295 |
| 020 ## - INTERNATIONAL STANDARD BOOK NUMBER | |
| Canceled/invalid ISBN | 0192805347 (pbk : alk. paper) |
| 035 ## - SYSTEM CONTROL NUMBER | |
| System control number | (CaPaEBR)ebr10254457 |
| 035 ## - SYSTEM CONTROL NUMBER | |
| System control number | (OCoLC)646767115 |
| 040 ## - CATALOGING SOURCE | |
| Original cataloging agency | CaPaEBR |
| Transcribing agency | CaPaEBR |
| 049 ## - | |
| -- | LBB28 |
| 050 14 - | |
| -- | PR3724 |
| -- | .G7 2005eb |
| 082 04 - DEWEY DECIMAL CLASSIFICATION NUMBER | |
| Classification number | 813.54 |
| -- | 823.5 |
| Edition information | 22 |
| Item number | SWI |
| 100 1# - MAIN ENTRY--PERSONAL NAME | |
| Personal name | Swift, Jonathan, |
| Dates associated with a name | 1667-1745. |
| 9 (RLIN) | 5648 |
| 245 10 - TITLE STATEMENT | |
| Title | Gulliver's travels |
| Statement of responsibility, etc. | Jonathan Swift ; Newly edited by Clauston Jenkins, with an introduction and supplementary materials selected by Donald Greene |
| 250 ## - EDITION STATEMENT | |
| Edition statement | New ed. |
| 260 ## - PUBLICATION, DISTRIBUTION, ETC. | |
| Place of publication, distribution, etc. | New York : |
| Name of publisher, distributor, etc. | Bantam books, |
| Date of publication, distribution, etc. | 1971. |
| 300 ## - PHYSICAL DESCRIPTION | |
| Extent | 354 p. : |
| Other physical details | ill., maps. |
| 504 ## - BIBLIOGRAPHY, ETC. NOTE | |
| Bibliography, etc. note | Includes bibliographical references |
| 520 ## - SUMMARY, ETC. | |
| Summary, etc. | "Gulliver's travels purports to be a travel book. It is a blend of fantasy and realism and describes the shipwrecked Gulliver's encounters with the inhabitants of four places: Lilliput, Brobdingnag, Laputa, and the country of the Houyhnhnms"--Provided by publisher. |
| 533 ## - | |
| -- | Electronic reproduction. |
| -- | Palo Alto, Calif. : |
| -- | ebrary, |
| -- | 2013. |
| -- | Available via World Wide Web. |
| -- | Access may be limited to ebrary affiliated libraries. |
| 650 #0 - SUBJECT ADDED ENTRY--TOPICAL TERM | |
| Topical term or geographic name entry element | Gulliver, Lemuel (Fictitious character) |
| Form subdivision | Fiction. |
| 9 (RLIN) | 5649 |
| 650 #0 - SUBJECT ADDED ENTRY--TOPICAL TERM | |
| Topical term or geographic name entry element | Voyages, Imaginary |
| Form subdivision | Early works to 1800. |
| 9 (RLIN) | 5650 |
| 650 #0 - SUBJECT ADDED ENTRY--TOPICAL TERM | |
| Topical term or geographic name entry element | Travelers |
| Form subdivision | Fiction. |
| 9 (RLIN) | 5651 |
| 942 ## - ADDED ENTRY ELEMENTS (KOHA) | |
| Source of classification or shelving scheme | Dewey Decimal Classification |
| Koha item type | Books |
| Withdrawn status | Lost status | Source of classification or shelving scheme | Damaged status | Not for loan | Home library | Current Library | Shelving location | Date acquired | Total checkouts | Full call number | Barcode | Date last seen | Copy number | Price effective from | Koha item type |
|---|---|---|---|---|---|---|---|---|---|---|---|---|---|---|---|
| Dewey Decimal Classification | GRACE BIBLE COLLEGE | GRACE BIBLE COLLEGE | General Studies | 2017-09-12 | 813.54 SWI | 009174 | 2025-05-01 | c.1 | 2017-09-12 | Books |